| 000 | 00494 a2200157 4500 | ||
|---|---|---|---|
| 999 |
_c920 _d920 |
||
| 020 | _a9781926692913 | ||
| 050 | _aG155.A1 TOU 2012 | ||
| 100 |
_aSeba, Jaime A _eeditor |
||
| 245 |
_aTourism and hospitality: _bIssues and developments/` _cJaime A. Seba |
||
| 264 |
_aCanada: _bApple academic press _c2012 |
||
| 300 |
_axiv, 286p. _bill. |
||
| 500 | _aIncludes bibliographical references and index | ||
| 650 |
_aTourism _xmanagement |
||
| 650 | _aHospitality industry | ||
| 942 |
_2lcc _cBK _h155 _iTOU _kG |
||